000 00603nam a2200169 i 4500
001 21089
003 ES-MaACL
005 20230906152420.0
007 t|
008 021121s1980 sp ||||1| spa d
100 1 _aAgenjo Cecilia, César.
_918548
245 1 0 _aEnciclopedia de la inspección veterinaria y análisis de alimentos /
_cCésar Agenjo Cecilia ; con la colaboración de Jorge Massó Sans... [et al.].
260 _aMadrid :
_bEspasa-Calpe,
_c1980.
300 _aXVI, 1313 p., 3 lám. col. :
_bil. ;
_c28 cm.
700 1 _aMassó Sans, Jorge.
_978838
852 _aES-MaACL
_jA-10815
_bR.100279
999 _c21089
_d21089